000 00776cam a2200289 4500500
005 20260329001240.0
041 _afre
042 _adc
100 1 0 _aTenaillon, Nicolas
_eauthor
245 0 0 _aLâcher prise avec Sun Tzu
260 _c2023.
500 _a84
690 _aAutorité
690 _aCollaboration
690 _aCommunication
690 _aConfiance en soi
690 _aCoopération
690 _aEntreprise
690 _aEntreprise libérée
690 _aLeadership
690 _aManagement
690 _aResponsabilité
690 _aStratégie
690 _aTravail
786 0 _nPhilonomist | - | 2 | 2023-02-17 | p. 16-21
856 4 1 _uhttps://shs.cairn.info/magazine-philonomist-2023-2-page-16?lang=fr&redirect-ssocas=7080
999 _c1803503
_d1803503